[Event "HCL-A2576"]
[Site "www.playchess.de"]
[Date "2006.03.01"]
[Round "18"]
[White "RUDI"]
[Black "Spotsychess"]
[WhiteElo "1249"]
[BlackElo "1448"]
[PlyCount "80"]
[Result "0-1"]

1.d4 {hello!}  e6 {Hi from Virginia}  2.Nf3 {Hi 
from Munich-Neuried in South-Germany}  b6 3.Bf4 
Bb7 4.e3 Nf6 5.Nc3 Bb4 6.Bd3 O-O 7.O-O Bxc3 8.bxc3 
d5 9.Ne5 Nbd7 10.Nxd7 Qxd7 11.Be5 c5 12.Bxf6 gxf6 
13.Qg4+ Kh8 14.Qh5 {This is a quick one.}  f5 {Not 
too quick}  15.f4 f6 16.Rf3 Qf7 17.Qh6 Qg6 18.Qxg6 
hxg6 19.Raf1 Kg7 20.Rh3 Rfh8 21.Rff3 c4 22.Be2 a5 
23.Rfg3 Rxh3 24.Rxh3 b5 25.Rg3 b4 26.Bh5 g5 
27.fxg5 fxg5 28.Rxg5+ Kh6 29.h4 Bc6 30.Be2 bxc3 
31.Rh5+ Kg6 32.Rg5+ Kf6 33.Rg3 Ba4 34.Bd1 Rb8 
35.Rh3 Rb1 36.h5 Kg7 37.h6+ Kh7 38.Rh1 Rxd1+ 
39.Kh2 Rxh1+ 40.Kxh1 Bxc2 0-1

[Event "HCL-A2606"]
[Site "www.playchess.de"]
[Date "2006.03.01"]
[Round "6"]
[White "RUDI"]
[Black "hal1958"]
[WhiteElo "1234"]
[BlackElo "1416"]
[PlyCount "88"]
[Result "0-1"]

1.c4 Nf6 2.d4 c5 3.e3 e6 4.Nc3 Nc6 5.Nf3 cxd4 
6.exd4 h6 7.Be2 Bb4 8.O-O O-O 9.Bd2 a6 10.a3 Be7 
11.d5 Nb8 12.Ne5 d6 13.Nf3 e5 14.Bd3 Nbd7 15.g3 
Nc5 16.Bc2 Bg4 17.b4 Ncd7 18.Ne4 Rc8 19.Nxf6+ Bxf6 
20.Rb1 Rxc4 21.Rb3 e4 22.Bxe4 Rxe4 23.Re1 Rxe1+ 
24.Qxe1 Bxf3 25.Rxf3 Re8 26.Qc1 Ne5 27.Rc3 b5 
28.Re3 Nc4 29.Rxe8+ Qxe8 30.Bf4 Be5 31.Be3 Kf8 
32.Kh1 Bb2 33.Qe1 Qe5 34.Kg1 Qxd5 35.Bf4 Be5 
36.Be3 Nxa3 37.Qc1 Nc4 38.h3 Nxe3 39.Qxe3 Qd4 
40.Qf3 g6 41.Qa8+ Kg7 42.Qxa6 Qa1+ {I hoped you 
would make that move}  43.Qxa1 {it`s lost already 
since a while}  Bxa1 44.Kg2 Bc3 0-1

[Event "HCL-A2581"]
[Site "www.playchess.de"]
[Date "2006.03.01"]
[Round "5"]
[White "Spotsychess"]
[Black "victorabiodun03"]
[WhiteElo "1448"]
[BlackElo "1357"]
[PlyCount "67"]
[Result "1/2-1/2"]

1.e4 e6 2.Nc3 d5 3.exd5 exd5 4.d4 Nf6 5.Bg5 Be7 
6.Nf3 O-O 7.Qd2 Nbd7 8.O-O-O c6 9.Ne5 Qa5 10.Qe3 
Bb4 11.a3 Bxc3 12.Qxc3 Qxc3 13.bxc3 Ne4 14.Nxd7 
Bxd7 15.Be3 Nxc3 16.Rd3 Ne4 17.f3 Nd6 18.Rb3 b5 
19.Bf4 Nc4 20.Bxc4 dxc4 21.Re3 Rfe8 22.Rhe1 Rxe3 
23.Rxe3 Re8 24.Kd2 f6 25.c3 Kf7 26.Rxe8 Bxe8 
27.Bb8 a5 28.Bd6 Ke6 29.Bc5 g6 30.h3 h5 31.Ke3 g5 
32.g4 hxg4 33.hxg4 Bg6 34.f4 {(offering draw)} 
 1/2-1/2

[Event "HCL-B3778"]
[Site "www.playchess.de"]
[Date "2006.03.01"]
[Round "1"]
[White "arsenius"]
[Black "wedi"]
[WhiteElo "864"]
[BlackElo "1308"]
[PlyCount "50"]
[Result "0-1"]

1.e4 g6 2.d4 Bg7 3.Nf3 e6 4.Nc3 d5 5.exd5 exd5 
6.Be2 Ne7 7.O-O Nbc6 8.Be3 Nf5 9.Bg5 f6 10.Bc1 Be6 
11.Re1 Qd6 12.Nb5 Qd7 13.Bf4 Nd6 14.Nxd6+ cxd6 
15.Bb5 a6 16.Ba4 b5 17.Bb3 O-O 18.c3 Rae8 19.Bc2 
a5 20.Qd2 b4 21.Ba4 bxc3 22.bxc3 Bg4 23.Bd1 f5 
24.Qd3 Bxf3 25.Qxf3 Rxe1+ 0-1

[Event "HCL-A2617"]
[Site "www.playchess.de"]
[Date "2006.03.01"]
[Round "6"]
[White "PhilipKaveny"]
[Black "mrchess"]
[WhiteElo "1324"]
[BlackElo "1473"]
[PlyCount "108"]
[Result "1/2-1/2"]

1.e4 c5 2.g3 Nc6 3.Bg2 d6 4.f4 Nf6 5.d3 e5 6.Nf3 
Bg4 7.c3 Be7 8.Qb3 Qc7 9.fxe5 {This  is a brave 
move on my part}  Nxe5 {yes}  10.Nxe5 dxe5 11.Na3 
Rd8 12.c4 Qd7 13.O-O {This did not work out well}  
b6 14.Qb5 Qxb5 15.Nxb5 Rd7 16.Bf3 a6 17.Nc3 Rxd3 
18.Bxg4 Nxg4 19.Nd5 Bd8 20.a3 Rd4 21.h3 Nf6 22.Bg5 
{And I hope this will not be easy for you}  Rxe4 
23.Bxf6 gxf6 24.Rxf6 Rxc4 25.Nxb6 Rc2 26.Rc6 Rxb2 
27.Nc4 Re2 28.Rxa6 Rg8 29.g4 f5 30.Nd6+ Kd7 
31.Nxf5 {Strange I will probaly lose the other 
one}  h5 32.Rd1+ Ke8 33.Kf1 Rh2 34.Rdd6 Rxh3 
35.Rxd8+ Kxd8 36.Ra8+ Kd7 37.Rxg8 hxg4 38.Rxg4 
Rxa3 39.Rc4 Ke6 40.Ng7+ Kd5 41.Rh4 c4 42.Ke1 Rd3 
43.Ke2 e4 44.Rh5+ Kd4 45.Nf5+ Kc3 46.Ne3 Rd2+ 
47.Ke1 Rd4 48.Nd1+ Kb4 49.Rh3 Rd3 50.Rxd3 exd3 
51.Kd2 Kb3 52.Nc3 {(offering draw) What else can 
this be}  Ka3 {just a few moves}  53.Nb5+ Kb2 
54.Nc3 Kb3 {(offering draw)}  1/2-1/2

[Event "HCL-A2587"]
[Site "www.playchess.de"]
[Date "2006.03.01"]
[Round "3"]
[White "Kinslayer"]
[Black "baggur"]
[WhiteElo "1684"]
[BlackElo "1600"]
[PlyCount "97"]
[Result "1-0"]

1.d4 Nf6 2.Bf4 g6 3.e3 Bg7 4.h3 O-O 5.Nd2 d6 
6.Ngf3 c5 7.c3 cxd4 8.exd4 Bd7 9.Be2 Nc6 10.Bh2 
Rc8 11.O-O a6 12.Re1 b5 13.Bf1 Re8 14.Qb3 Na5 
15.Qd1 Nc4 16.Nxc4 bxc4 17.Nd2 d5 18.Nf3 Ne4 
19.Ne5 Be6 20.Nxc4 dxc4 21.Rxe4 Bd5 22.Re1 e6 
23.Qa4 Qb6 24.Rab1 h5 25.f3 e5 26.Kh1 Bc6 27.Qc2 
exd4 28.cxd4 Qxd4 29.Bg1 Qh4 30.Rxe8+ Bxe8 31.Rc1 
Be5 32.Bxc4 Qg3 33.Bxf7+ Kxf7 34.Qxc8 Bb5 35.Qb7+ 
Kf6 36.Rc6+ Bxc6 37.Qxc6+ Kg7 38.Qxa6 Qe1 39.Qa7+ 
Kf6 40.Qb6+ Kf5 41.Qe3 Qf1 42.b4 g5 43.Qf2 Qd1 
44.b5 Qa1 45.b6 Qb1 46.a4 Qa1 47.Qc2+ Kf4 48.Qe4+ 
Kg3 49.Qxe5+ 1-0

[Event "HCL-E1577"]
[Site "www.playchess.de"]
[Date "2006.03.01"]
[Round "7"]
[White "pawnstorm"]
[Black "tuGGy"]
[WhiteElo "1545"]
[BlackElo "1524"]
[PlyCount "64"]
[Result "0-1"]

1.d4 b5 2.e4 Bb7 3.f3 b4 4.c3 a5 5.cxb4 axb4 6.Qb3 
e6 7.Be3 Nf6 8.Bd3 d5 9.e5 Nfd7 10.f4 c5 11.dxc5 
Nxc5 12.Bb5+ Bc6 13.Bxc6+ Nxc6 14.Qc2 d4 15.Bd2 
Qd5 16.Nf3 d3 17.Qd1 Rxa2 18.Rxa2 Qxa2 19.O-O Qxb2 
20.Be3 Qe2 21.Re1 Qxd1 22.Rxd1 h6 23.Kf1 Kd7 
24.Bxc5 Bxc5 25.Rxd3+ Kc7 26.Nbd2 Rd8 27.Ke2 Rxd3 
28.Kxd3 Na5 29.Nd4 Kb6 30.Nc4+ Nxc4 31.Kxc4 Bxd4 
32.Kxd4 b3 0-1

[Event "HCL-A2621"]
[Site "www.playchess.de"]
[Date "2006.03.01"]
[Round "9"]
[White "mrchess"]
[Black "PhilipKaveny"]
[WhiteElo "1473"]
[BlackElo "1324"]
[PlyCount "119"]
[Result "1-0"]

1.d4 {good luck
}  g6 {You to}  2.e4 d6 3.Bc4 e6 4.c3 Bg7 5.Nf3 
Nf6 6.Qc2 O-O 7.Bg5 h6 8.Bh4 g5 9.Bg3 d5 {I would 
have sacked the bishop and probably lost}  10.exd5 
exd5 11.Bd3 Ne4 12.Bxe4 dxe4 13.Ne5 Bxe5 14.Bxe5 
f5 15.Qe2 Nc6 16.Qh5 Kh7 17.h4 Nxe5 {Go for it}  
18.dxe5 g4 19.Na3 Bd7 20.Rd1 Qe7 {Yo are a 
pleasure to play}  21.Rxd7 Qxd7 {You saw the trap} 
 22.O-O {yes but i missed a lot during our games}  
Qf7 23.Qxf7+ Rxf7 24.Rd1 c6 {This  is not an easy 
ending for me}  25.Nc4 Re7 26.Rd6 {(offering 
draw)}  b5 {I A tempting offer I may regret not 
taking it}  27.Ne3 Rxe5 28.Rxc6 h5 29.Rf6 Rd8 
30.Nxf5 Rdd5 31.Nd4 e3 32.fxe3 g3 33.Rf3 Re4 
34.Kf1 Rxh4 35.Rxg3 Rh1+ 36.Ke2 Rb1 37.b3 Rb2+ 
38.Kd3 Rxa2 39.b4 h4 40.Rg4 Rh5 41.Nf3 Rd5+ 42.Ke4 
Rh5 43.Nxh4 Rc2 44.Kd3 Rc1 {(offering draw)}  
45.Kd2 {not yet}  Ra1 {I don't blame you}  46.e4 
a5 47.bxa5 Rxa5 48.Nf3 Ra2+ 49.Kd3 Rc5 50.Kd4 Rh5 
51.g3 Ra4+ 52.Kd3 Rc4 53.Nd4 Rcc5 54.Ne6 Rce5 
55.Nf4 Rhg5 56.Rh4+ Kg8 57.g4 Kf7 58.Kd4 Kg7 
59.Nh3 Kf6 60.Nxg5 1-0

[Event "HCL-A2598"]
[Site "www.playchess.de"]
[Date "2006.03.01"]
[Round "30"]
[White "baggur"]
[Black "RUDI"]
[WhiteElo "1600"]
[BlackElo "1234"]
[PlyCount "77"]
[Result "1-0"]

1.e4 {HELLO}  e5 {hello, nice to meet you!}  2.Nf3 
Nc6 3.Bb5 Bd6 4.d4 exd4 5.Nxd4 Nxd4 6.Qxd4 Qf6 
7.Qd3 c6 8.Bc4 Be5 9.c3 Ne7 10.Be3 O-O 11.Nd2 a5 
12.Nf3 b5 13.Bb3 a4 14.Bc2 d6 15.Nxe5 Qxe5 16.f4 
Qe6 17.O-O g6 18.Rad1 d5 19.exd5 Qxd5 20.Qxd5 Nxd5 
21.Bc5 Re8 22.Rde1 Rxe1 23.Rxe1 Be6 24.g3 Nf6 
25.a3 Nd7 26.Bd4 c5 27.Bf2 c4 28.Be4 Rf8 29.Bc6 
Nf6 30.Bxb5 Ng4 31.Bxa4 Rb8 32.Re2 Bd5 33.Re8+ 
Rxe8 34.Bxe8 Nxf2 35.Kxf2 Kf8 36.Bb5 Ke7 37.Ke3 
Kd6 38.Kd4 h5 39.Bxc4 1-0

[Event "HCL-C4082"]
[Site "www.playchess.de"]
[Date "2006.03.01"]
[Round "15"]
[White "epenz"]
[Black "Grunert"]
[WhiteElo "1024"]
[BlackElo "998"]
[PlyCount "108"]
[Result "0-1"]

1.e4 e5 2.Nf3 d6 3.Bc4 h6 4.O-O Nc6 5.d3 a6 6.a3 
b5 7.Bd5 Bb7 8.Re1 Nf6 9.Nbd2 Nxd5 10.exd5 Ne7 
11.c4 bxc4 12.dxc4 g5 13.h3 Bg7 14.Ne4 Qd7 15.b3 
O-O 16.Bd2 Rab8 17.b4 Rfe8 18.Bc3 Rbc8 19.c5 dxc5 
20.bxc5 Nxd5 21.Nxe5 Bxe5 22.Bxe5 Qf5 23.Qd4 Rxe5 
24.Rab1 Bc6 25.Rbc1 Rce8 26.f3 Nf6 27.Nxf6+ Qxf6 
28.Qd2 R5xe1+ 29.Rxe1 Rxe1+ 30.Qxe1 Qd4+ 31.Kh2 
Qxc5 32.Qa1 Bxf3 33.gxf3 Qf2+ 34.Kh1 Qxf3+ 35.Kh2 
Qb7 36.Qf6 Qb3 37.Qxa6 Kg7 38.a4 Qb6 39.Qc4 c5 
40.Qc3+ Kg6 41.a5 Qd6+ 42.Kg2 Qd5+ 43.Qf3 Qa2+ 
44.Kg3 Qxa5 45.Qe4+ Kg7 46.Kg4 Qb4 47.Kf5 Qxe4+ 
48.Kxe4 Kg6 49.Kd5 Kf5 50.Kxc5 Kf4 51.Kd5 Kg3 
52.Ke5 Kxh3 53.Kf5 g4 54.Kf4 g3 0-1

[Event "HCL-A2606"]
[Site "www.playchess.de"]
[Date "2006.03.01"]
[Round "4"]
[White "Nulnulnix"]
[Black "hal1958"]
[WhiteElo "1323"]
[BlackElo "1416"]
[PlyCount "87"]
[Result "1-0"]

1.e4 {hi and enjoy this game}  d6 {hi, have a nice 
game}  2.f4 Nf6 3.Nc3 g6 4.Nf3 Bg7 5.d4 O-O 6.Qd3 
a6 7.f5 b5 8.a3 Nfd7 9.Bg5 c5 10.Nd5 c4 11.Qe3 Nc6 
12.c3 Nf6 13.fxg6 fxg6 14.Nxf6+ exf6 15.Bh6 Bg4 
16.Bxg7 Kxg7 17.Be2 Re8 18.O-O Qe7 19.h3 Bf5 
20.Nd2 Bxe4 21.Nxe4 f5 22.d5 Nd8 23.Qd4+ Kf7 
24.Ng3 Qe3+ 25.Qxe3 Rxe3 26.Bf3 Nb7 27.Rae1 Rae8 
28.Rxe3 Rxe3 29.Rf2 Nc5 30.Nf1 Re5 31.Re2 Kf6 
32.Ne3 Nd3 33.Kf1 Nxb2 34.Rxb2 Rxe3 35.Rc2 g5 
36.Kf2 Re5 37.g3 Kg6 38.Re2 Rxe2+ 39.Kxe2 h5 
40.Ke3 g4 41.hxg4 hxg4 42.Bd1 Kf6 43.Kf4 a5 
44.Bc2 1-0

[Event "HCL-E1540"]
[Site "www.playchess.de"]
[Date "2006.03.01"]
[Round "8"]
[White "sejr"]
[Black "carlosmadeira"]
[WhiteElo "2100"]
[BlackElo "1536"]
[PlyCount "90"]
[Result "1/2-1/2"]

1.c4 e5 2.Nc3 d6 3.Nf3 Bg4 4.d4 Nd7 5.e3 Ngf6 
6.Be2 Be7 7.e4 O-O 8.Be3 a6 9.O-O exd4 10.Nxd4 
Bxe2 11.Qxe2 Nc5 12.f3 Re8 13.Rad1 c6 14.Nxc6 bxc6 
15.Bxc5 Qc7 16.Be3 c5 17.Rfe1 Qc6 18.Nd5 Nxd5 
19.Rxd5 Rab8 20.Qc2 Qb7 21.Bc1 Qb4 22.Red1 Bf6 
23.b3 Re6 24.Bd2 Qb7 25.Bc3 Be7 26.e5 dxe5 27.Bxe5 
Re8 28.Bg3 Bf8 29.Kf1 R6e2 30.R1d2 R2e6 31.R5d8 
Qb6 32.Rxe8 Rxe8 33.Qd3 a5 34.Qd7 Ra8 35.Qd5 Rc8 
36.Qd7 Ra8 37.Qb5 Qf6 38.Qd7 Qe6 39.Qxe6 fxe6 
40.Rd7 a4 41.Be5 axb3 42.axb3 Ra3 43.Rd3 Be7 
44.Ke2 Ra2+ {(offering draw)}  45.Rd2 Ra3 
{(offering draw)}  1/2-1/2

[Event "HCL-A2524"]
[Site "www.playchess.de"]
[Date "2006.03.01"]
[Round "3"]
[White "antoniocastro"]
[Black "zemljanin"]
[WhiteElo "1800"]
[BlackElo "1405"]
[PlyCount "111"]
[Result "1-0"]

1.e4 c5 2.Nf3 a6 3.d4 cxd4 4.Nxd4 e5 5.Nb3 b6 
6.Nc3 Bb4 7.Bd2 Bb7 8.Nd5 Bxd2+ 9.Qxd2 Ne7 
10.O-O-O Nxd5 11.exd5 d6 12.f4 f6 13.Be2 O-O 14.h4 
Nd7 15.Bg4 f5 16.Be2 Nf6 17.c4 Ne4 18.Qe3 Rc8 
19.Kb1 exf4 20.Qxf4 b5 21.cxb5 axb5 22.Nd4 Bxd5 
23.Nxf5 Bc6 24.Bxb5 Bb7 25.Bd3 g6 26.Bxe4 Bxe4+ 
27.Qxe4 Rxf5 28.Qe6+ Kg7 29.Rxd6 Qf8 30.Rhd1 Kh6 
31.g4 Rf4 32.Qe2 Rf2 33.g5+ Kg7 34.R6d7+ Kg8 
35.Qe6+ Kh8 36.Qe5+ Kg8 37.Qd5+ Kh8 38.Rd8 Rxd8 
39.Qxd8 Kg7 40.Rd7+ Kg8 41.Qxf8+ Rxf8 42.Rd4 Rf7 
43.a4 Kf8 44.Kc2 Ke7 45.Kc3 Ke6 46.b4 Ke5 47.b5 
Rc7+ 48.Rc4 Ra7 49.Kb4 Kd5 50.Rf4 Ke5 {(offering 
draw)}  51.Rf6 Rd7 52.a5 Rd4+ 53.Kc5 Rxh4 54.b6 
Rg4 55.b7 Rxg5 56.Rb6 1-0

[Event "HCL-A2535"]
[Site "www.playchess.de"]
[Date "2006.03.01"]
[Round "7"]
[White "jsaemi"]
[Black "Torenvalk"]
[WhiteElo "1511"]
[BlackElo "1532"]
[PlyCount "64"]
[Result "0-1"]

1.e4 d6 2.d4 Nf6 3.Bd3 c6 4.Nf3 Qa5+ 5.c3 Nbd7 
6.O-O e5 7.Nbd2 Be7 8.b4 Qc7 9.Bb2 O-O 10.c4 exd4 
11.Bxd4 Ne5 12.Nxe5 dxe5 13.Bc3 Rd8 14.Qc2 c5 
15.b5 b6 16.Rfe1 Bb7 17.f3 Qd6 18.Be2 Nh5 19.g3 
Bg5 20.Rad1 Be3+ 21.Kg2 Bd4 22.Nb3 Qg6 23.Kh1 
Nxg3+ 24.hxg3 Qxg3 25.Bxd4 exd4 26.Bf1 Rd6 27.Qg2 
Rh6+ 28.Kg1 Qh4 29.Bd3 Rg6 30.Qxg6 fxg6 31.Kf1 Rf8 
32.Be2 Bxe4 0-1

[Event "HCL-C4182"]
[Site "www.playchess.de"]
[Date "2006.03.01"]
[Round "3"]
[White "Grunert"]
[Black "Maneco"]
[WhiteElo "1018"]
[BlackElo "1097"]
[PlyCount "46"]
[Result "0-1"]

1.d4 d5 2.e3 Nf6 3.Nc3 g6 4.Nf3 Bg7 5.g3 Bg4 6.Bg2 
Bxf3 7.Qxf3 e6 8.O-O O-O 9.Bd2 Nc6 10.a3 Na5 
11.Nxd5 Nc4 12.Bc1 exd5 13.b3 Nb6 14.Bd2 Qd7 
15.Bb4 Rfe8 16.Ba5 Ne4 17.Bxb6 Nd2 18.Qe2 Nxf1 
19.Bc5 Nxe3 20.fxe3 Bh6 21.Qe1 Bxe3+ 22.Kh1 Bxd4 
23.Qb4 Bxa1 0-1

[Event "HCL-E1540"]
[Site "www.playchess.de"]
[Date "2006.03.01"]
[Round "1"]
[White "ryser"]
[Black "sejr"]
[WhiteElo "1766"]
[BlackElo "2100"]
[PlyCount "48"]
[Result "1/2-1/2"]

1.d4 Nf6 2.c4 c5 3.Nf3 cxd4 4.Nxd4 e6 5.Nc3 Nc6 
6.Ndb5 d5 7.cxd5 Nxd5 8.Nxd5 exd5 9.Qxd5 Bb4+ 
10.Bd2 Qe7 11.a3 Bxd2+ 12.Qxd2 O-O 13.Qd6 Qg5 
14.e3 Rd8 15.h4 Rxd6 16.hxg5 {(offering draw)}  
Rd8 17.Nc7 Rb8 18.Rh4 Bf5 19.e4 Rd4 20.f3 Bg6 
21.Nd5 Rd8 22.Rd1 Rxd1+ 23.Kxd1 Ne7 24.Bc4 Nc6 
{(offering draw)}  1/2-1/2

[Event "HCL-M844"]
[Site "www.playchess.de"]
[Date "2006.03.01"]
[Round "13"]
[White "ABE"]
[Black "marceli"]
[WhiteElo "1646"]
[BlackElo "1775"]
[PlyCount "102"]
[Result "0-1"]

1.e4 {Hi again}  c5 {thanks & good luck}  2.Nf3 d6 
3.d4 cxd4 4.Bb5+ Bd7 5.Bxd7+ Qxd7 6.Nxd4 Nf6 7.Nc3 
g6 8.O-O Bg7 9.Be3 Nc6 10.Qd2 O-O 11.Rad1 Ng4 
12.Nxc6 bxc6 {happy new year}  13.Bd4 {my best 
wishes for you this year}  Bxd4 14.Qxd4 Qb7 15.b3 
Qb6 16.h3 Ne5 17.Qxb6 axb6 18.f4 Nd7 19.a4 f5 
20.exf5 Rxf5 21.g4 Rf7 22.Ne4 Raf8 23.Nxd6 exd6 
24.Rxd6 Rc8 25.f5 gxf5 26.Rxf5 Rxf5 27.gxf5 Ne5 
28.Kg2 Rf8 29.f6 Kf7 30.Kg3 Re8 31.Kf4 Re6 32.Rxe6 
Kxe6 33.Kg5 Nf7+ 34.Kf4 Kxf6 35.b4 Ke6 36.a5 bxa5 
37.bxa5 Kd6 38.a6 Kc7 39.Kf5 Nd6+ 40.Ke6 Ne4 41.c4 
Nc5+ 42.Kf7 Nxa6 43.Kg7 h5 44.Kg6 h4 45.Kg5 Kd6 
46.Kxh4 Kc5 47.Kg5 Kxc4 48.h4 Kd5 49.h5 Ke6 50.Kg6 
Nc5 51.h6 Nd7 0-1

[Event "HCL-E1573"]
[Site "www.playchess.de"]
[Date "2006.03.01"]
[Round "7"]
[White "alldrix"]
[Black "ABE"]
[WhiteElo "1635"]
[BlackElo "1638"]
[PlyCount "31"]
[Result "1-0"]

1.e4 {hola amigazo!}  c5 {hola}  2.b4 e6 3.bxc5 
Bxc5 4.d4 Bb6 5.Nf3 Nc6 6.d5 exd5 7.exd5 Qf6 8.c3 
Ne5 9.Qe2 d6 10.Bg5 Qf5 11.Nbd2 f6 12.Ne4 Bc7 
13.Nd4 Qd7 14.Bd2 Ne7 15.Qh5+ N7g6 
16.Bb5 1-0

[Event "HCL-A2631"]
[Site "www.playchess.de"]
[Date "2006.03.01"]
[Round "1"]
[White "BR_Hort"]
[Black "hal1958"]
[WhiteElo "2200"]
[BlackElo "1417"]
[PlyCount "35"]
[Result "1-0"]

1.d4 Nf6 {Have a nice game}  2.c4 {u2}  c5 3.d5 e6 
4.Nc3 exd5 5.cxd5 d6 6.e4 g6 7.f4 Bg7 8.Bb5+ Nfd7 
9.a4 O-O 10.Nf3 a6 11.Be2 Re8 12.O-O Nf8 13.e5 Bg4 
14.Ng5 Bxe2 15.Qxe2 dxe5 16.fxe5 Rxe5 17.Nxf7 Qd7 
18.Nxe5 1-0

[Event "HCL-A2559"]
[Site "www.playchess.de"]
[Date "2006.03.01"]
[Round "6"]
[White "Whiterock"]
[Black "guanzi"]
[WhiteElo "1472"]
[BlackElo "1633"]
[PlyCount "100"]
[Result "0-1"]

1.e4 {Hello and good luck}  c6 {Hello again and 
gl2u2.}  2.d4 d5 3.exd5 cxd5 4.c4 dxc4 5.Bxc4 Nf6 
6.Nf3 Bg4 7.Be3 e6 8.Qb3 Qc7 9.Nbd2 Bd6 10.O-O O-O 
11.Rac1 Qe7 12.Rfe1 Nc6 13.Qc2 a6 14.Bg5 Rac8 
15.Qb1 Rfd8 16.d5 Na5 17.Bd3 h6 18.Bxf6 Qxf6 
19.dxe6 Bxe6 20.Ne4 Qe7 21.Nxd6 Qxd6 22.Red1 Qb6 
23.b3 Nc6 24.h3 Ne7 25.Nd2 Nd5 26.Nc4 {(offering 
draw)}  Qa7 {let's play some more, but maybe 
you're right about this being a draw.}  27.Bf5 {OK 
let's go on :) I offered a draw just because, 
frankly speaking, didn't see any real plan to 
attack - seemed quite equal to me.}  Nf4 28.Kf1 b5 
29.Ne3 g6 30.Bxe6 Nxe6 31.Rc2 Rxd1+ 32.Qxd1 Qb7 
33.Qc1 Rxc2 34.Qxc2 Kf8 35.f3 Qc7 36.Qxc7 Nxc7 
37.Ke2 Ke7 38.Kd3 Kd6 39.b4 Nd5 40.a3 Nxe3 41.Kxe3 
Kd5 42.Kd3 h5 43.h4 f6 44.g3 g5 45.hxg5 fxg5 
46.Ke3 Ke5 47.Kd3 h4 48.gxh4 gxh4 49.Ke3 h3 50.Kf2 
Kf4 0-1

[Event "HCL-M890"]
[Site "www.playchess.de"]
[Date "2006.03.01"]
[Round "17"]
[White "Eyechess"]
[Black "Emerson"]
[WhiteElo "2026"]
[BlackElo "1802"]
[PlyCount "89"]
[Result "1-0"]

1.e4 {Greetings}  e5 {also welcome! let´s have a 
good match.}  2.Bc4 d6 3.Nc3 c6 4.d3 Qe7 5.Nge2 
Be6 6.Bxe6 Qxe6 7.O-O Be7 8.d4 g5 9.d5 Qg6 10.Ng3 
h5 11.Nf5 Nh6 12.dxc6 bxc6 13.Nb5 cxb5 14.Qd5 Nxf5 
15.Qxa8 O-O 16.exf5 Qxf5 17.Qxa7 Qe6 18.Qb7 Qd7 
19.Qxd7 Nxd7 20.a4 bxa4 21.Rxa4 Nb6 22.Ra7 Re8 
23.b3 Kf8 24.Rd1 Rb8 25.Be3 Nc8 26.Ra6 f5 27.Rda1 
Ke8 28.R6a8 Rxa8 29.Rxa8 Kd7 30.c4 f4 31.Bd2 Bd8 
32.g3 Bb6 33.Kg2 Kc7 34.Ra2 Kc6 35.gxf4 exf4 36.h4 
gxh4 37.Bxf4 Bc5 38.Bg5 Nb6 39.f4 d5 {bad times  
:-((}  40.cxd5+ {I understand... unfortunately I 
am the cause...}  Nxd5 {well, I thnk I am the 
cause of my sad situation  ;-((}  41.Kh3 {i guess 
we created this together...}  Be3 {surely - there 
must be someone to recognize the situation on the 
board}  42.Ra4 Kb5 43.Kxh4 Nc3 44.Rc4 Nd5 
45.f5 1-0

[Event "HCL-E1535"]
[Site "www.playchess.de"]
[Date "2006.03.01"]
[Round "19"]
[White "Emerson"]
[Black "alldrix"]
[WhiteElo "1792"]
[BlackElo "1600"]
[PlyCount "114"]
[Result "0-1"]

1.e4 {welcome again and all the best for 2006! 

norbert}  e6 {thanks, for you too!}  2.Qe2 {my lst 
move for hours - I must go to the dentist now!  
:-(((}  Ne7 3.d3 d5 4.Nf3 dxe4 5.dxe4 Ng6 6.Be3 
Be7 7.Nbd2 O-O 8.O-O-O Bd7 9.g4 e5 10.h3 c6 11.Kb1 
Qc7 12.Bg2 b5 13.Rdg1 a5 14.h4 Bxg4 15.h5 Nf4 
16.Bxf4 exf4 17.Bh3 Bxh5 18.Bf5 Bg6 19.Ng5 Bxg5 
20.Rxg5 Qe7 21.Bxg6 fxg6 22.Qg4 Qf7 23.Nf3 Nd7 
24.e5 Nc5 25.Qh3 h6 26.c3 Ne4 27.Rg2 Kh7 28.Ka1 b4 
29.Rgh2 Qf5 30.Qxf5 Rxf5 31.Re1 Ng5 32.Nd4 Rff8 
33.Rg1 Kg8 34.Rg4 bxc3 35.Nxc6 c2 36.Rh1 
{uahhh...}  Ra6 37.Nd4 Ne4 38.Rg2 f3 39.Rgh2 Rd8 
40.Nxc2 Rd2 41.Kb1 Rxf2 42.Rxf2 Nxf2 43.Rf1 Nd3 
44.Rxf3 Nxe5 45.Re3 Rd6 46.Ne1 Nc4 47.Re2 Rd2 
48.Rxd2 Nxd2+ 49.Kc2 Ne4 50.Kd3 Nd6 51.Kd4 Kf7 
52.Kc5 Ke6 53.b3 g5 54.Kb6 g4 55.Kxa5 h5 56.b4 h4 
57.Kb6 h3 0-1

[Event "HCL-E1553"]
[Site "www.playchess.de"]
[Date "2006.03.01"]
[Round "9"]
[White "Jule"]
[Black "badplayer"]
[WhiteElo "1374"]
[BlackElo "1591"]
[PlyCount "90"]
[Result "0-1"]

1.e4 {good luck to this game}  c5 {Wish u the 
same}  2.Nf3 d6 3.d4 cxd4 4.Nxd4 Nf6 5.Bd3 e6 
6.O-O Be7 7.Bg5 Nbd7 8.Re1 a6 9.Nd2 Qc7 10.N2f3 b5 
11.c3 Bb7 12.Qe2 h6 13.Bh4 Nc5 14.e5 Nd5 15.Bxe7 
Nxe7 16.Bc2 Rc8 17.exd6 Qxd6 18.Rad1 Qb6 19.c4 
bxc4 20.Qxc4 O-O 21.Qe2 Nd5 22.g3 Nf6 23.b3 Nce4 
24.Bxe4 Nxe4 25.Rdc1 Qa5 26.Rxc8 Rxc8 27.Ra1 Qc3 
28.Rd1 Qb4 29.Nc2 Nc3 30.Nxb4 Nxe2+ 31.Kg2 Rc3 
32.Rd3 a5 33.Rxc3 Nxc3 34.Nc2 Nxa2 35.Ncd4 Nc1 
36.g4 e5 37.Nb5 Nxb3 38.Kg3 Bxf3 39.Kxf3 Nd4+ 
40.Nxd4 exd4 41.Ke2 a4 42.Kd2 a3 43.Kc2 d3+ 44.Kb1 
d2 45.Kc2 a2 0-1

[Event "HCL-A2557"]
[Site "www.playchess.de"]
[Date "2006.03.01"]
[Round "11"]
[White "earlyrunner"]
[Black "Aggie"]
[WhiteElo "1600"]
[BlackElo "1328"]
[PlyCount "71"]
[Result "1-0"]

1.e4 e5 2.Nf3 Nc6 3.Bb5 Nge7 4.Nc3 a6 5.Ba4 b5 
6.Bb3 d6 7.h3 Bb7 8.d3 Ng6 9.Ng5 Qf6 10.Nxf7 Nd4 
11.Bg5 Qxf7 12.Bxf7+ Kxf7 13.Ne2 Be7 14.Bxe7 Nxe7 
15.Nxd4 exd4 16.O-O Rhf8 17.f4 d5 18.e5 Nf5 19.Qd2 
Kg8 20.g4 Ne3 21.Rf3 c5 22.f5 Rae8 23.e6 Re7 
24.Re1 h6 25.Rf2 b4 26.c3 bxc3 27.bxc3 Rc8 28.cxd4 
cxd4 29.Qb2 Rec7 30.f6 gxf6 31.Ree2 Nd1 32.Qxd4 
Nxf2 33.Qxf2 Kg7 34.e7 Re8 35.Re6 Rc1+ 
36.Kh2 1-0

[Event "HCL-E1541"]
[Site "www.playchess.de"]
[Date "2006.03.01"]
[Round "11"]
[White "player_reh"]
[Black "yannick"]
[WhiteElo "1442"]
[BlackElo "1613"]
[PlyCount "138"]
[Result "0-1"]

1.c4 {hello from berlin}  e5 {hello from côte 
d'azur France,good game}  2.e4 Nc6 3.Nf3 Nf6 4.Qc2 
Bc5 5.Be2 Nb4 6.Qd1 Nxe4 7.O-O d6 8.a3 Nc6 9.d3 
Nf6 10.Be3 Bxe3 11.fxe3 O-O 12.Nc3 Bg4 13.Ng5 Bxe2 
14.Qxe2 Qe7 15.Nce4 Nxe4 16.Nxe4 f5 17.Nc3 Qh4 
18.Rf3 Rf6 19.Rh3 Qg4 20.Qxg4 fxg4 21.Rh4 g3 
22.hxg3 Raf8 23.Ne4 Rg6 24.Rf1 Rxf1+ 25.Kxf1 a5 
26.g4 h6 27.b3 Kf7 28.Kf2 Ke7 29.Kg3 Kf7 30.Rh1 
Ke7 31.Kh4 Kd7 32.Kh5 Ne7 33.Rd1 Re6 34.Rf1 Kc6 
35.Rc1 Kb6 36.Nc3 Rf6 37.Ne4 Rf7 38.Kh4 d5 39.Ng3 
dxc4 40.Rxc4 Nc8 41.Re4 Rd7 42.d4 exd4 43.exd4 Nd6 
44.Re6 c6 45.a4 Nf7 46.Ne2 Ng5 47.Re3 Rf7 48.Kg3 
Rd7 49.Kf4 Rf7+ 50.Kg3 Rf6 51.Re7 Re6 52.Rxe6 Nxe6 
53.Kf3 Kc7 54.Ke4 Kd6 55.Nf4 Nxf4 56.Kxf4 Kd5 
57.Ke3 g6 58.g3 Ke6 59.Ke4 g5 60.Ke3 Kd6 61.Ke4 
{(offering draw)}  Ke6 {let's go a few moves}  
62.Ke3 Kd5 63.Kd3 b5 64.Kc3 Ke4 65.axb5 cxb5 66.d5 
Kxd5 67.Kd3 a4 68.Kc3 a3 69.b4 
a2 0-1

[Event "HCL-E1570"]
[Site "www.playchess.de"]
[Date "2006.03.01"]
[Round "17"]
[White "Jule"]
[Black "chess50"]
[WhiteElo "1413"]
[BlackElo "2104"]
[PlyCount "90"]
[Result "0-1"]

1.d4 d5 2.Nf3 Nf6 3.h3 c5 4.c3 cxd4 5.Nxd4 e5 
6.Nf3 Nc6 7.Bg5 Be7 8.e3 O-O 9.Be2 Bf5 10.O-O h6 
11.Bh4 Rc8 12.Bb5 Qb6 13.Bxc6 Qxb2 14.Bxb7 Rc7 
15.Nbd2 Rxb7 16.Nxe5 Bc2 17.Qf3 Qxc3 18.Bxf6 Bxf6 
19.Qxd5 Bxe5 20.Qxb7 Qxd2 21.Qxa7 Bxa1 22.Rxa1 Qc3 
23.Rf1 Bd3 24.Rd1 Qc2 25.Re1 Be4 26.a4 Ra8 27.Qd4 
Rxa4 28.Qd6 Bc6 29.Qb8+ Kh7 30.Qb1 Ra2 31.Qxc2+ 
Rxc2 32.f3 Kg6 33.Rd1 Kf6 34.Kh2 Bxf3 35.Rg1 Be4 
36.Kg3 Ke5 37.Kh2 f5 38.Kg3 g5 39.Kh2 f4 40.exf4+ 
gxf4 41.h4 f3 42.Re1 Rxg2+ 43.Kh3 Kf4 44.Rxe4+ 
Kxe4 45.h5 Kf4 0-1